同じ母音の駅名 (中部地方編) - Statistics

General Stats
  • This quiz has been taken 5 times
  • The average score is 9 of 35
Answer Stats
駅名(漢字) 駅名(読み) この駅の所在地 同じ母音の駅名 % Correct
番田 ばんでん 福井県 安善
100%
免田 めんでん 石川県 円田
80%
湯谷温泉 ゆやおんせん 愛知県 湯田温泉
80%
分水 ぶんすい 新潟県 国縫
60%
上田原 うえだはら 長野県 梅ヶ沢
60%
永覚 えかく 愛知県 手樽
60%
神戸 かんべ 愛知県 三瀬
60%
末野原 すえのはら 愛知県 上野原
60%
新高岡 しんたかおか 富山県 新金岡
40%
西中野 にしなかの 富山県 西吾野
40%
清里 きよさと 山梨県 下里
40%
田野口 たのくち 静岡県 矢野口
40%
越後田中 えちごたなか 新潟県 越後田沢
20%
越ノ潟 こしのかた 富山県 吉野原
20%
西松任 にしまっとう 石川県 西ヶ方
20%
神明 しんめい 福井県 新関
20%
佐久平 さくだいら 長野県 桜島
20%
西岐阜 にしぎふ 岐阜県 西木津
20%
楽田 がくでん 愛知県 学田
20%
半田口 はんだぐち 愛知県 丹波口
20%
五日町 いつかまち 新潟県 みつわ台
0%
越後早川 えちごはやかわ 新潟県 天塩中川
0%
越後湯沢 えちごゆざわ 新潟県 越後須原
0%
小木ノ城 おぎのじょう 新潟県 吉野町
0%
高岡駅 たかおかえき 富山県 花小金井
0%
新平野 しんひらの 福井県 新三郷
0%
白川口 しらかわぐち 岐阜県 三ヶ山口
0%
不破一色 ふわいしき 岐阜県 倉敷市
0%
袋井 ふくろい 静岡県 福吉
0%
南伊東 みなみいとう 静岡県 三日市町
0%
相生山 あいおいやま 愛知県 上星川
0%
上豊田 かみとよた 愛知県 上強羅
0%
武豊 たけとよ 愛知県 前郷
0%
鳴子北 なるこきた 愛知県 羽黒下
0%
西尾口 にしおぐち 愛知県 西ノ口
0%
No matching quizzes found
Score Distribution
Percent of People with Each Score
Percentile by Number Answered
Your Score History
You have not taken this quiz